000 00435nam a2200157 i 4500
001 34942
003 ES-MaACL
005 20230906155025.0
007 t|
008 030211s1970 sp ||||1| spa d
100 1 _aBotas-Blanco, José.
_930737
245 1 0 _aAmor y guerra
_b: relato testimonial /
_cJosé Botas-Blanco.
260 _aMadrid :
_bQuevedo,
_c[1970]
300 _a204 p. ;
_c18 cm.
852 _aES-MaACL
_jC-49650
_bR.74623
999 _c34942
_d34942